header

A handbook to literature / (Record no. 256124)

MARC details
000 -LEADER
fixed length control field 01126cam a2200301 a 4500
001 - CONTROL NUMBER
control field 4521887
003 - CONTROL NUMBER IDENTIFIER
control field OSt
005 - DATE AND TIME OF LATEST TRANSACTION
control field 20170307145642.0
008 - FIXED-LENGTH DATA ELEMENTS--GENERAL INFORMATION
fixed length control field 990416s2000 nyua d 001 0 eng
010 ## - LIBRARY OF CONGRESS CONTROL NUMBER
LC control number 99027123
020 ## - INTERNATIONAL STANDARD BOOK NUMBER
International Standard Book Number 0130127310
040 ## - CATALOGING SOURCE
Original cataloging agency DLC
Transcribing agency DLC
Modifying agency DLC
050 00 - LIBRARY OF CONGRESS CALL NUMBER
Classification number PN41
Item number .H355 2000
082 00 - DEWEY DECIMAL CLASSIFICATION NUMBER
Classification number 803
Edition number 21
100 1# - MAIN ENTRY--PERSONAL NAME
Personal name Harmon, William,
Dates associated with a name 1938-
245 12 - TITLE STATEMENT
Title A handbook to literature /
Statement of responsibility, etc William Harmon, C. Hugh Holman.
250 ## - EDITION STATEMENT
Edition statement 8th ed.
260 ## - PUBLICATION, DISTRIBUTION, ETC. (IMPRINT)
Place of publication, distribution, etc Upper Saddle River, N.J. :
Name of publisher, distributor, etc Prentice Hall,
Date of publication, distribution, etc c2000.
300 ## - PHYSICAL DESCRIPTION
Extent ix, 671 p. ;
Dimensions 23 cm.
500 ## - GENERAL NOTE
General note "Based on the original edition by William Flint Thrall and Addison Hibbard."
General note Includes index.
650 #0 - SUBJECT ADDED ENTRY--TOPICAL TERM
Topical term or geographic name as entry element Literature
Form subdivision Dictionaries.
700 1# - ADDED ENTRY--PERSONAL NAME
Personal name Holman, C. Hugh
Fuller form of name (Clarence Hugh),
Dates associated with a name 1914-1981.
Personal name Thrall, William Flint,
Dates associated with a name 1880-
Title of a work Handbook to literature.
906 ## - LOCAL DATA ELEMENT F, LDF (RLIN)
a 7
b cbc
c orignew
d 1
e ocip
f 19
g y-gencatlg
942 ## - ADDED ENTRY ELEMENTS (KOHA)
Source of classification or shelving scheme Library of Congress Classification
Koha item type Long Loan Books
Holdings
Withdrawn status Lost status Source of classification or shelving scheme Damaged status Not for loan Collection code Home library Current library Shelving location Date acquired Total Checkouts Full call number Barcode Date last seen Price effective from Koha item type
    Library of Congress Classification     Non-fiction Rongo University Library Rongo University Library General Stacks 07/03/2017   PN41 .H355 2000 201617516 07/03/2017 07/03/2017 Long Loan Books

© 2026 Rongo University
Contact us: librarian | system librarian | Rongo university